000 00391nam a22001697a 4500
005 20160528115503.0
008 160528b xxu||||| |||| 00| 0 eng d
020 _a81-7808-607-7
041 _aeng
082 _b5778
100 _aCoughlan, Anne T & others
_91448
245 _aMarketing Channels
260 _bPearsons
_c2004
300 _a563
650 _aManagement
_9241
942 _cBK
999 _c2050
_d2049